El cuadro hemático y su valor en la clínica (Record no. 139769)
[ view plain ]
| 000 -LEADER | |
|---|---|
| campo de control de longitud fija | 00622nam a2200157 4500 |
| 001 - NÚMERO DE CONTROL | |
| campo de control | 139769 |
| 003 - IDENTIFICADOR DE NÚMERO DE CONTROL | |
| campo de control | ES-MaACL |
| 007 - CAMPO FIJO DE DESCRIPCIÓN FÍSICA--INFORMACIÓN GENERAL | |
| campo de control de longitud fija | t| |
| 008 - DATOS DE LONGITUD FIJA--INFORMACIÓN GENERAL | |
| campo de control de longitud fija | 070214s1931 sp r ||||1| spa d |
| 100 1# - ENTRADA PRINCIPAL--NOMBRE DE PERSONA | |
| Nombre de persona | Schilling, Viktor. |
| 9 (RLIN) | 104365 |
| 245 13 - MENCIÓN DEL TÍTULO | |
| Título | El cuadro hemático y su valor en la clínica |
| Resto del título | : (con inclusión de las enfermedades tropicales...) / |
| Mención de responsabilidad, etc. | por el prof. Dr. Victor Schilling ; traducción de la octava edición alemana por el Dr. D. Ignacio Bofill. |
| 260 ## - PUBLICACIÓN, DISTRIBUCIÓN, ETC. | |
| Lugar de publicación, distribución, etc. | Madrid [etc.] : |
| Nombre del editor, distribuidor, etc. | Labor, |
| Fecha de publicación, distribución, etc. | 1931. |
| 300 ## - DESCRIPCIÓN FÍSICA | |
| Extensión | XVI, 364 p. : |
| Otras características físicas | il. ; |
| Dimensiones | 23 cm + |
| Material acompañante/anejo | 2 lám. pleg. |
| 700 1# - ENTRADA AGREGADA--NOMBRE PERSONAL | |
| Nombre de persona | Bofill, Ignacio. |
| 9 (RLIN) | 29774 |
| 852 ## - LOCALIZACIÓN | |
| Ubicación | ES-MaACL |
| Número de control de estantería | E-586 |
| Estatus retirado | Estado de pérdida | Estado de daño | No para préstamo | Biblioteca de origen | Biblioteca actual | Ubicación en estantería | Fecha de adquisición | Fuente de adquisición | Total de préstamos | Signatura topográfica completa | Código de barras | Visto por última vez | Precio de reemplazo | Tipo de ítem Koha |
|---|---|---|---|---|---|---|---|---|---|---|---|---|---|---|
| Biblioteca del Ateneo de Madrid | Biblioteca del Ateneo de Madrid | Depósito 2 | 17/01/2008 | E-586 | 1145448 | 23/02/2023 | 23/02/2023 | Libro impreso |
